|
|
|
|
| LEADER |
00000cam a2200000 7i4500 |
| 001 |
0000007056 |
| 005 |
20050420093000.0 |
| 008 |
021119n |
| 020 |
|
|
|a 0830410686
|
| 090 |
0 |
0 |
|a HV6025
|b .H26
|
| 100 |
0 |
|
|a Hagan, Frank E. ,
|e author
|
| 245 |
0 |
0 |
|a Introduction to criminology :
|b theories, methods, and criminal behavior
|c Frank E. Hagan
|
| 260 |
2 |
|
|a Chicago :
|b Nelson-Hall ,
|c c1986
|
| 300 |
|
|
|a xvi, 523 p. ; ;
|c 25 cm.
|
| 440 |
0 |
0 |
|a Nelson-Hall series in sociology / consulting editor : Jonathan H. Turner
|
| 504 |
|
|
|a Includes bibliography (p. 489-511) and index
|
| 650 |
|
0 |
|a Crime
|
| 650 |
|
0 |
|a Criminals
|
| 999 |
|
|
|a 1000027514
|b Book
|c OPEN SHELF (30 DAYS)
|e Gong Badak Campus
|